Zahranično-obchodná politika EÚ bakalárska práca

Guardado en:
Detalles Bibliográficos
Autor principal: Šperková, Petra
Autor Corporativo: Národohospodárska fakulta EU. Katedra ekonómie
Otros Autores: Brinčíková, Zuzana, 1979-
Formato: Libro
Lenguaje:eslovaco
Publicado: Bratislava 2017
Etiquetas: Agregar Etiqueta
Sin Etiquetas, Sea el primero en etiquetar este registro!

MARC

LEADER 00000nbm a2200000 4500
001 0233864
005 20171003132351.6
041 0 |a slo 
044 |a SK 
245 1 0 |a Zahranično-obchodná politika EÚ  |b bakalárska práca  |c Petra Šperková ; školiteľ: Zuzana Brinčíková 
264 1 |a Bratislava  |c 2017 
300 |a 47 s. 
100 1 |a Šperková, Petra 
700 1 |a Brinčíková, Zuzana, 1979- 
710 2 |a Národohospodárska fakulta EU. Katedra ekonómie